Statistiques concernant Élimination par catégorie - Club n°1

Cliquez ici pour prendre le quiz!

Statistiques générales

  • Ce quiz a été pris 163 fois
  • Le résultat moyen est 11 sur 20

Statistiques - réponses

Groupe#Catégorie% Correct
Vert52Clubs ayant joué en Ligue 1 après 1978-1979
99%
Bleu65Clubs ayant joués les phases de groupe de ligue Europa depuis 2021-2022
85%
Bleu24... des 5 plus grands championnats
84%
Vert14... n'ayant pas joué en Ligue 1 après 2007
80%
Violet30... clubs qui n'est pas anglais
80%
Violet105Clubs ayant au moins un joueur dont la valeur marchande est >= à 40M
80%
Orange83Clubs dans une ligue classée entre top 6 et 10 (inclus) par l'UEFA en 2023-2024
77%
Vert7... avec un stade de plus de 10 000 places
73%
Bleu9... n'ayant jamais gagné son championnat dans son histoire
68%
Orange19... ayant été fondé avant 1930
61%
Orange34... n'ayant pas de rouge dans son logo
61%
Violet20... qui n'a plus remporter son championnat depuis la saison 2020-2021
61%
Vert4... ayant gagné la Ligue 2
52%
Bleu4... et son stade a moins de 30 000 places
39%
Violet8... et n'ayant jamais gagné la ligue des champions
39%
Orange7... sans français dans son effectif
32%
Orange1... ayant gagné la ligue des ChampionsCeltic Glasgow
27%
Violet1... mais ayant perdu une finale de ligue des Champions après 2000Bayer 04 Leverkusen
22%
Vert1... ayant eu un futur champion du monde 2018Tours FC
20%
Bleu1... son entraineur n'a pas la même nationalité que son clubUnion Berlin
5%

Distribution des résultats

Percentile par nombre de réponses

% des personnes avec chaque résultat

Votre développement - résultats

Vous n’avez pas pris ce quiz